<?xml version="1.0" encoding="UTF-8"?>
<marc:record xmlns:marc="http://www.loc.gov/MARC21/slim">
   <marc:leader>00000nam a2200000 a 4500</marc:leader>
   <marc:datafield ind1=" " ind2=" " tag="653">
      <marc:subfield code="a">Bildergeschichte für Erstleser</marc:subfield>
   </marc:datafield>
   <marc:datafield ind1="0" ind2="0" tag="245">
      <marc:subfield code="a">Geschichten von der Drachenburg</marc:subfield>
   </marc:datafield>
   <marc:datafield ind1=" " ind2="1" tag="264">
      <marc:subfield code="a">Bindlach</marc:subfield>
      <marc:subfield code="b">Loewe</marc:subfield>
      <marc:subfield code="c">2008</marc:subfield>
   </marc:datafield>
   <marc:datafield ind1="1" ind2=" " tag="490">
      <marc:subfield code="a">Bildermaus</marc:subfield>
   </marc:datafield>
   <marc:datafield ind1="1" ind2=" " tag="520">
      <marc:subfield code="a">Was Drachen in der Drachenburg so machen? Na, Feuer speien und Kuchen futtern natürlich! Manchmal übertreibt es der kleine Drache Nepomuk mit dem Feuerspeien allerdings, dann muss sich Lehrer Luzifer ganz schnell in Sicherheit bringen. Außerdem sind Drachen sehr tapfer, mutig und hilfsbereit! So weiß der kleine Drache Zacharias sofort was zu tun ist, als er eine entführte Prinzessin entdeckt...</marc:subfield>
   </marc:datafield>
   <marc:datafield ind1=" " ind2=" " tag="020">
      <marc:subfield code="a">9783785559819</marc:subfield>
      <marc:subfield code="9">9783785559819</marc:subfield>
   </marc:datafield>
   <marc:datafield ind1=" " ind2=" " tag="020">
      <marc:subfield code="a">378555981x</marc:subfield>
      <marc:subfield code="9">378555981x</marc:subfield>
   </marc:datafield>
   <marc:datafield ind1=" " ind2=" " tag="041">
      <marc:subfield code="a">ger</marc:subfield>
   </marc:datafield>
   <marc:datafield ind1=" " ind2=" " tag="338">
      <marc:subfield code="a">Band</marc:subfield>
   </marc:datafield>
   <marc:datafield ind1=" " ind2=" " tag="300">
      <marc:subfield code="a">38 S. : überw. Ill.</marc:subfield>
   </marc:datafield>
</marc:record>
